One Border Countries by their border - Statistics

General Stats
  • This quiz has been taken 30 times
  • The average score is 11 of 13
Answer Stats
Hint Answer % Correct
USA Canada
100%
North Korea South Korea
100%
Ireland United Kingdom
100%
Spain Portugal
97%
Italy San Marino / Vatican City
90%
Dominican Republic Haiti
86%
South Africa Lesotho
86%
Germamy Denmark
83%
France Monaco
83%
Malaysia Brunei
72%
Indonesia East Timor / Papua New Guinea
72%
Saudi Arabia Qatar
72%
Senegal Gambia
69%
No matching quizzes found
Score Distribution
Percent of People with Each Score
Percentile by Number Answered
Your Score History
You have not taken this quiz